[Event "XVI Calvia Amateur Open 2019"]
[Site "Calvia"]
[Date "2019.10.08"]
[Round "4.2"]
[White "Massanet Massanet, Sebastian"]
[Black "Gavrish, Leonid"]
[Result "1-0"]
[WhiteElo "2252"]
[BlackElo "2034"]
[Annotator "TA"]
[PlyCount "27"]
[EventDate "2019.10.05"]
[EventType "swiss"]
[EventCountry "ESP"]
[SourceTitle "playchess.com"]
[Source "ChessBase"]
[SourceQuality "1"]

{[%evp 10,59,34,22,69,66,50,49,69,54,60,70,54,36,55,31,124,-55,0,-26,-20,-5,-20,-168,540,169,161,155,166,163,279,272,279,298,316,290,329,343,332,341,322,335,332,326,909,889,1680,547,737,747,715,710]} 1. e4 d6 2. d4 Nf6 3. Nc3 g6 4. f4 Bg7 5. Nf3 O-O 6. a3 Bg4 {B09: Pirc Defence: Austrian Attack} 7. h3 (7. Be2 Bxf3 8. Bxf3 e5 9. fxe5 dxe5 10. d5 c6 11. dxc6 Nxc6 12. Qxd8 Rfxd8 13. Bg5 Nd4 14. O-O-O {0-1 (52) Anand,V (2776)-Nepomniachtchi,I (2751) Moscow 2018}) 7... Bxf3 8. Qxf3 Nc6 {White is slightly better.} 9. Be3 e5 10. dxe5 $1 dxe5 11. f5 (11. Rd1 $5 {[%cal Rd1d8]} Qe7 12. fxe5 $11) 11... Nd4 12. Qf2 $1 gxf5 (12... c5 $14) 13. O-O-O $146 ({White has to play} 13. exf5 $16 c6 14. Bd3) ({Predecessor:} 13. exf5 Re8 14. O-O-O {1-0 (22) Milov,V (2590)-West,G (2410) Moscow 1994}) 13... fxe4 (13... Nxe4 $15 14. Nxe4 fxe4) 14. g4 {Played: Bf1-c4} 1-0

[Event "XVI Calvia Amateur Open 2019"]
[Site "Calvia"]
[Date "2019.10.08"]
[Round "4.3"]
[White "Reichmann, Hendrik"]
[Black "Hristodorescu, Daniel"]
[Result "1-0"]
[WhiteElo "2341"]
[BlackElo "2102"]
[Annotator "TA"]
[PlyCount "71"]
[EventDate "2019.10.05"]
[EventType "swiss"]
[EventCountry "ESP"]
[SourceTitle "playchess.com"]
[Source "ChessBase"]
[SourceQuality "1"]

{[%evp 9,71,14,29,0,1,21,16,7,58,29,133,134,148,132,124,152,138,120,175,164,170,168,155,87,201,191,266,265,262,261,242,200,208,133,142,127,122,114,121,116,129,118,123,116,179,173,181,168,255,261,213,183,268,258,250,267,346,353,652,625,640,616,1052,960]} 1. c4 e5 2. g3 Nf6 3. Bg2 c6 4. Nf3 e4 5. Nd4 Qb6 6. Nc2 {A20: English Opening: 1...e5} (6. Nb3 a5 7. d3 a4 8. N3d2 Bc5 9. O-O e3 10. fxe3 Bxe3+ 11. Kh1 Ng4 12. Ne4 O-O 13. Nbc3 {½-½ (36) So,W (2776)-Caruana,F (2818) Saint Louis 2019}) 6... d5 7. cxd5 cxd5 8. d3 {The position is equal.} Bf5 (8... Nc6 $11) 9. O-O Be7 (9... Nc6 $11) 10. Nc3 $16 Bg6 $146 ({Predecessor:} 10... exd3 11. Ne3 Be6 12. Ncxd5 Nxd5 13. Nxd5 Bxd5 14. Bxd5 {1-0 (43) Haznedaroglu,K (2471)-Kerigan,D (2354) Kocaeli 2017}) 11. Ne3 Qc6 12. dxe4 dxe4 13. Ned5 Nxd5 (13... Bd8 $16 {keeps fighting.}) 14. Nxd5 $18 ({But not} 14. Qxd5 $6 O-O $16) 14... Bd8 15. Bf4 O-O {[#]} 16. Bc7 ({White should try} 16. Bh3 $1 {Rc1 is the strong threat.} Qa6 17. a4) 16... Kh8 (16... Qe6 $16) 17. Rc1 Qe6 (17... Qa6 {was called for.} 18. Bxd8 Rxd8) 18. Nf4 Qf6 19. Bd6 Rg8 20. Nxg6+ Qxg6 21. Qb3 Bb6 22. Bc7 Na6 23. Bxb6 axb6 24. Qd5 $36 {[%mdl 2048] White is really pushing.} Rge8 25. Qxb7 Nc5 26. Qd5 Rad8 (26... Qe6 $16 27. Qxe6 Nxe6) 27. Qc4 f5 28. b4 Na4 (28... Nd7 $142 29. Rfd1 Ne5) 29. Qb5 Ra8 30. Rfd1 Qe6 (30... Qf6 {was necessary.}) 31. Rc2 Rf8 32. e3 Qf6 {With the idea ...Nc3.} 33. Rd4 Rfd8 $2 (33... Ra7 34. Bf1 Qf7) 34. Rxd8+ {White is clearly winning.} Qxd8 35. Bf1 Qf6 {[#]} 36. Qxa4 $1 {[%mdl 512] Accuracy: White = 73%, Black = 38%.} 1-0

[Event "XVI Calvia Amateur Open 2019"]
[Site "Calvia"]
[Date "2019.10.08"]
[Round "4.4"]
[White "Zschischang, Gunnar"]
[Black "Scherer, Helmut"]
[Result "0-1"]
[WhiteElo "2103"]
[BlackElo "2278"]
[Annotator "TA"]
[PlyCount "82"]
[EventDate "2019.10.05"]
[EventType "swiss"]
[EventCountry "ESP"]
[SourceTitle "playchess.com"]
[Source "ChessBase"]
[SourceQuality "1"]

{[%evp 13,82,46,53,37,71,30,37,31,20,22,33,20,20,20,15,14,22,6,33,27,6,-8,25,22,40,29,43,0,0,-35,-28,-77,-72,-150,-135,-122,7,-18,-24,-14,27,-11,36,16,20,-26,0,0,7,0,31,-126,-139,-201,-176,-193,-70,-211,-6,-35,108,0,0,0,0,0,225,-5627,-4919,-29980,-29973]} 1. e4 e5 2. Nf3 Nc6 3. Bc4 Bc5 4. c3 Qe7 5. d4 Bb6 6. O-O d6 7. h3 Nf6 8. Bd5 {C53: Giuoco Piano sidelines} (8. Re1 h6 9. a4 a6 10. Be3 O-O 11. Nbd2 Nh5 12. Bd5 exd4 13. cxd4 Nd8 14. e5 Be6 15. Bb3 dxe5 16. d5 Bxe3 17. Rxe3 {½-½ (26) Amonatov,F (2647)-Saidov,B (2355) Tashkent 2009}) 8... Nd8 $146 ({Predecessor:} 8... h6 9. a4 a6 10. Na3 Ba7 11. Nc4 exd4 12. Bxc6+ bxc6 13. e5 {½-½ (21) Schlag,F (1975)-Kristiansen,E (2210) Bad Zwischenahn 2003}) 9. Nbd2 Nxd5 10. exd5 {White is slightly better.} f6 11. Nc4 Nf7 12. a4 {Hoping for a5.} c6 13. Nxb6 axb6 14. Qb3 Ra6 15. Be3 c5 16. dxc5 bxc5 17. Qc4 b6 18. b4 {[%cal Bb2b4,Bb4b5][%mdl 32]} Qd7 19. Qb3 O-O 20. b5 Ra8 21. a5 bxa5 22. Ra4 {[#]} f5 $1 23. Rfa1 (23. Bd2 $142) 23... f4 $17 24. Bd2 g5 ({Black should play} 24... Qf5 $17 25. Qb1 (25. Rxa5 $2 Rxa5 26. Rxa5 e4 $19) 25... Qh5) 25. Rxa5 Rxa5 26. Rxa5 h5 27. Qb1 Kg7 28. b6 Qf5 29. Qb3 Bb7 30. c4 Nh6 31. Ra7 $36 {[%mdl 2048] White is more active.} Rf7 32. Qb5 $2 (32. Be1 $14) 32... g4 33. hxg4 (33. Nh4 $17 {was worth a try.} Qd3 34. Ra1) 33... hxg4 $19 34. Ne1 Re7 (34... g3 $19 35. Qb3 Qh5 36. fxg3 Ng4) 35. Qb3 (35. Qb2 $15) 35... Kg6 $2 ({Better is} 35... Qh5 $19 36. Qc3 Nf5 37. Bxf4 Kg8) 36. g3 {And now gxf4 would win.} Rf7 (36... Qh5 $15 {stays ahead.} 37. gxf4 Nf5) 37. Ng2 (37. gxf4 $16 {Qc3 is the strong threat.} Qh5 38. fxe5) 37... Qe4 $11 {White must now prevent ...Nf5.} 38. gxf4 Nf5 $1 {[%cal Rf5d4] Strongly threatening ...Nd4.} 39. fxe5 Nd4 $2 (39... dxe5 $11 40. Be3 Rh7) 40. Qe3 $4 {[%mdl 8192]} (40. Nh4+ $18 Kh5 41. Qe3 Qxe3 42. Bxe3 Kxh4 43. e6 (43. exd6 Nf3+ 44. Kf1 Ne5 $11)) 40... Nf3+ $19 {[%mdl 64] [#] Double Attack, Discovered Attack} 41. Kf1 Qxc4+ {Accuracy: White = 17%, Black = 32%.} 0-1

[Event "XVI Calvia Amateur Open 2019"]
[Site "Calvia"]
[Date "2019.10.08"]
[Round "4.5"]
[White "Galiana Salom, Juan Ramon"]
[Black "Racasan, Sebastian"]
[Result "1-0"]
[WhiteElo "2236"]
[BlackElo "2093"]
[Annotator "TA"]
[PlyCount "155"]
[EventDate "2019.10.05"]
[EventType "swiss"]
[EventCountry "ESP"]
[SourceTitle "playchess.com"]
[Source "ChessBase"]
[SourceQuality "1"]

{[%evp 12,155,32,5,40,0,0,8,13,12,29,0,8,-22,6,-47,-7,-35,-29,-57,-31,-52,-30,-81,0,-9,0,-25,0,-70,-64,-54,-76,-160,-77,-64,-34,-47,0,-42,20,0,0,0,0,-52,-23,-29,-18,-21,25,19,30,22,35,13,16,35,109,35,35,47,84,63,78,74,168,166,171,176,200,187,183,139,230,221,230,232,246,289,325,318,392,220,220,213,213,213,213,213,213,213,212,212,1707,1693,1593,627,627,627,29960,29961,29961,29963,29963,29965,29966,29965,29965,29966,29966,29967,29967,29968,29969,29970,29972,29973,29973,29971,29972,29973,29971,29972,29976,29977,29977,29978,29982,29983,29983,29984,29984,29985,29985,29986,29986,29987,29987,29988,29988,29989,29989,29990,29990,29987]} 1. e4 c5 2. Nf3 d6 3. d4 cxd4 4. Nxd4 Nf6 5. Nc3 a6 6. Bd3 Nc6 7. Nb3 b5 {B90: Sicilian Najdorf: Unusual White 6th moves, 6 Be3 Ng4 and 6 Be3 e5} 8. O-O e6 9. f4 Be7 {The position is equal.} 10. Qf3 Bb7 11. Bd2 O-O 12. Rae1 b4 13. Nd1 (13. Na4 $11) 13... Qc7 14. Qg3 $146 ({Predecessor:} 14. Qh3 g6 15. Nf2 a5 16. Be3 a4 17. Nd4 Nxd4 18. Bxd4 {1-0 (49) Tissir,M (2381)-Potkin,V (2574) Riadh 2017}) 14... a5 15. Be3 e5 16. fxe5 Nxe5 17. Bd4 Nfd7 (17... Qd8 $17) 18. Ne3 $11 Bf6 19. Nf5 g6 20. Nh6+ (20. Bb5 $11 a4 21. Nd2) 20... Kh8 $15 21. Rf2 Bg7 22. Be3 (22. Ng4 $142) 22... Nb6 (22... a4 $142 $1 {[%cal Ra4b3]} 23. Nd4 Nc5) 23. Ref1 $17 f6 24. Nd4 {next Ne6 is good for White.} Bc8 25. h3 Rb8 (25... Nbc4 $15) 26. Nf3 Nbc4 27. Nxe5 Nxe5 28. Qh4 (28. h4 $11) 28... Qe7 29. Bd4 Be6 30. b3 Nd7 31. Ng4 Bxg4 32. Qxg4 Rbc8 33. Qg3 Nc5 34. Qh4 {And now e5 would win.} Nd7 (34... Nxd3 $14 35. cxd3 Rf7) 35. Bc4 (35. e5 $1 $16 {Strongly threatening Bxg6.} Nxe5 36. Bxe5 Qxe5 37. Bxg6) 35... Ne5 36. Bd5 Qd8 37. Kh1 Qe7 38. Qg3 Rc5 (38... Qe8 $16) 39. Bxc5 $18 dxc5 40. c3 Rd8 41. cxb4 axb4 42. Qe3 Ng4 (42... Qd6 $16 43. Rc2 Bf8) 43. hxg4 Rxd5 44. Rd2 Rxd2 45. Qxd2 {[%mdl 4096] Endgame KQR-KQB} f5 {Hoping for ...Qh4+.} 46. g5 $1 ({Weaker is} 46. exf5 Qh4+ 47. Kg1 Bd4+ 48. Rf2 Kg7 $14) 46... fxe4 47. Qf4 (47. Qd5 $142 {White wants to mate with Qa8+.} h6 48. Rf4) 47... Bd4 48. Qf8+ Qxf8 49. Rxf8+ {KR-KB} Kg7 50. Re8 e3 51. g4 h6 52. Kg2 hxg5 $2 (52... h5 53. Re4 Kf8) 53. Kf3 Kf7 54. Re4 (54. Rc8 $142 Ke7 55. Rc6) 54... Kf6 55. Ke2 Kf7 56. Kd3 {White mates.} Kf6 {[#]} 57. Kc4 $1 {[%cal Rc4d5]} Kf7 58. Kd5 Kf6 59. Re6+ Kf7 {[#]} 60. Kd6 $1 {[%cal Rd6d5]} Kf8 61. Kc6 Kf7 62. Kd7 Kf8 63. Re7 e2 64. Rxe2 Kf7 65. Re6 Bg1 66. Kd6 Bd4 67. Kd5 Bg1 68. Rc6 Bd4 69. Rxc5 Bxc5 70. Kxc5 Ke6 71. Kxb4 {K3P-KPP} Ke5 72. a4 Kf4 73. a5 Kxg4 74. a6 Kg3 75. a7 g4 76. a8=Q Kf2 {[#]} 77. Qe4 $1 g3 78. Qxg6 {Accuracy: White = 56%, Black = 28%.} 1-0

[Event "XVI Calvia Amateur Open 2019"]
[Site "Calvia"]
[Date "2019.10.08"]
[Round "4.6"]
[White "Borovnica, Tihomir"]
[Black "Guski, Dietmar"]
[Result "1/2-1/2"]
[WhiteElo "2231"]
[BlackElo "2052"]
[Annotator "TA"]
[PlyCount "75"]
[EventDate "2019.10.05"]
[EventType "swiss"]
[EventCountry "ESP"]
[SourceTitle "playchess.com"]
[Source "ChessBase"]
[SourceQuality "1"]

{[%evp 22,75,67,59,58,49,83,59,104,119,143,156,132,107,93,45,32,0,0,0,0,-91,0,-13,-17,-14,-29,-12,-6,-57,8,8,8,8,17,14,14,0,9,7,12,0,0,-16,25,25,25,25,25,25,25,25,25,0,25,0]} 1. d4 Nf6 2. c4 e6 3. Nc3 c5 4. d5 exd5 5. cxd5 d6 6. e4 g6 7. f4 Bg7 8. Bb5+ Nfd7 9. a4 Qh4+ 10. g3 Qe7 11. Nf3 O-O 12. O-O $1 Na6 {A67: Modern Benoni: Taimanov Variation} (12... a6 13. Bd3 Nf6 14. e5 Ne8 15. f5 dxe5 16. Bg5 Qc7 17. Nd2 Nd6 18. Nc4 Bxf5 19. Nxd6 Bxd3 20. Qxd3 Qxd6 {1-0 (55) Moiseenko,A (2677)-Gabrielian,A (2525) Minsk 2017}) 13. Re1 Nc7 14. Bf1 a6 {White is slightly better.} 15. e5 $146 ({Predecessor:} 15. Be3 Rb8 16. e5 b5 17. Ne4 Ne8 18. axb5 axb5 19. Ra7 Rb7 20. Rxb7 Bxb7 21. Bxb5 dxe5 {½-½ (54) Berkvens,J (2444)-Rathnakaran,K (2258) Athens 2001}) 15... Ne8 {[%cal Rd6e5]} 16. e6 Ndf6 17. Ng5 fxe6 18. Nxe6 Bxe6 19. Rxe6 Qd7 20. Bh3 Nc7 21. Kg2 {[#]} (21. Qf1 $11 {remains equal.} Qd8 22. Re1) 21... Qd8 (21... Nfxd5 $1 $17 {[%mdl 512]} 22. Re2 (22. Rxg6 $2 Nxf4+ 23. Bxf4 Qc6+ 24. Kg1 hxg6 $17) (22. Nxd5 Nxe6) 22... Nxc3 23. bxc3 Qc6+ 24. Kg1 d5) 22. Re1 Re8 23. f5 Rxe1 24. Qxe1 Qe8 25. Bf4 ({White should try} 25. Bg5 $11) 25... Nfxd5 (25... Ncxd5 $15 26. Qxe8+ Rxe8 27. Nxd5 Nxd5 28. Bxd6 c4) 26. Qxe8+ $11 Rxe8 27. Bxd6 Nxc3 28. bxc3 Nd5 29. fxg6 hxg6 30. Bxc5 {next Rb1 is good for White.} Nxc3 31. Bg4 Re4 32. Bf3 Rc4 (32... Rxa4 {looks sharper.} 33. Rxa4 Nxa4 34. Bd6 b6 35. Bb7 a5) 33. Bf2 Rxa4 34. Rxa4 Nxa4 35. Bxb7 a5 36. Bd5+ Kh7 37. Be1 Nc3 38. Bxc3 {Accuracy: White = 56%, Black = 55%.} 1/2-1/2

[Event "XVI Calvia Amateur Open 2019"]
[Site "Calvia"]
[Date "2019.10.09"]
[Round "5.1"]
[White "Reichmann, Hendrik"]
[Black "Voiteanu, Gabriel"]
[Result "1/2-1/2"]
[WhiteElo "2341"]
[BlackElo "2119"]
[Annotator "TA"]
[PlyCount "116"]
[EventDate "2019.10.05"]
[EventType "swiss"]
[EventCountry "ESP"]
[SourceTitle "playchess.com"]
[Source "ChessBase"]
[SourceQuality "1"]

{[%evp 9,116,-36,-37,-41,-47,-81,-45,-42,-26,-110,-79,-89,-77,-76,-92,-72,-74,-102,-75,-161,-160,-195,-201,-229,-218,-301,-281,-293,-235,-258,-249,-248,-241,-242,-243,-253,-197,-264,-232,-273,-233,-194,-164,-193,-186,-174,-35,-121,-114,-125,-110,-234,-219,-232,-202,-194,-195,-211,-210,-211,-157,-194,-190,-235,-197,-200,-172,-173,-149,-152,-152,-145,-154,-144,-140,-172,-168,-175,-170,-170,-102,-102,-85,-86,-86,-86,-87,-87,-89,-88,0,0,0,0,0,0,0,0,0,0,0,0,0,0,0,0,0,0,0]} 1. c4 e6 2. g3 d5 3. Nf3 dxc4 4. Bg2 a6 5. a4 (5. O-O Nc6 6. Na3 Bxa3 7. bxa3 e5 8. Rb1 Nge7 9. Qc2 Bf5 10. e4 Bg4 11. Rxb7 Bxf3 12. Bxf3 {0-1 (41) Aronian,L (2785)-Grandelius,N (2643) Doha 2016}) 5... Nc6 {[%cal Bb8c6,Bc6d4,Bd4b3][%mdl 32]} 6. O-O {A13: English Opening: 1...e6} e5 7. Na3 Be6 {Hoping for ...e4.} 8. Qc2 {Black is slightly better.} Nf6 {With the idea ...Nd5.} (8... Bxa3 $5 9. Rxa3 Qe7 $15) 9. Ng5 $146 (9. Nxc4 $11 {keeps the balance.} e4 10. Ng5) ({Predecessor:} 9. Nxc4 e4 10. Nfe5 Nd4 11. Qd1 Bd6 12. d3 Bxe5 13. Nxe5 Bb3 {1-0 (68) Hua,E (2260)-Varacalli,F (2303) Ahmedabad 2017}) 9... Bd5 {And now ...Nd4 would win.} 10. e4 Nd4 11. Qd1 Bxa3 12. exd5 Bd6 $36 {[%mdl 2048] Black has strong initiative.} 13. d3 h6 14. Nh3 (14. Nf3 $17 Nb3 15. Rb1) 14... Nb3 $19 15. dxc4 Nxa1 16. Bd2 {[#]} b5 $1 17. cxb5 (17. axb5 axb5) 17... axb5 18. a5 b4 19. Qxa1 Qd7 20. Qa2 Qb5 21. Ra1 O-O 22. a6 b3 23. Qa5 (23. Qa4 $142 Qd3 24. Bc3) 23... Rfb8 24. Be3 Qxa5 25. Rxa5 Nd7 26. Bf1 Bb4 27. Ra1 Nc5 (27... Bc5 $19 28. Be2 Rb4) 28. Bc4 (28. f4 $1 $15) 28... Rb6 {[%cal Rb6a6]} 29. Rc1 Rd6 30. Bxc5 (30. f4 $17) 30... Bxc5 31. Bxb3 Bd4 32. Bc4 Bxb2 33. Rc2 Bd4 34. Kg2 Rb6 35. Bd3 Ra7 36. Kf1 g5 37. Ng1 Rb1+ 38. Kg2 Rb3 39. Bc4 Rb2 40. Rxb2 Bxb2 $17 {[%mdl 4096] Endgame KRB-KBN} 41. g4 e4 42. Ne2 Be5 43. Nc1 Kg7 44. Nb3 {[#]} f5 $1 45. Na5 {Black must now prevent Nc6.} (45. gxf5 Bd6) 45... Kf6 46. Nc6 Ra8 47. gxf5 Bd6 {...Bc5 is the strong threat.} 48. a7 Bc5 49. Ba6 g4 ({Black should try} 49... Kxf5 $17 50. Bb7 Rxa7 51. Nxa7 Bxa7) 50. Bb7 $11 {The position is equal.} Rxa7 51. Nxa7 Bxa7 {[#] KB-KB} 52. d6 $1 {[%cal Rd6c7][%mdl 512]} cxd6 53. Bxe4 Ke5 54. f3 d5 55. Bc2 h5 56. fxg4 hxg4 57. Kg3 Bg1 58. Kxg4 Bxh2 {Accuracy: White = 49%, Black = 62%.} 1/2-1/2

[Event "XVI Calvia Amateur Open 2019"]
[Site "Calvia"]
[Date "2019.10.09"]
[Round "5.2"]
[White "Scherer, Helmut"]
[Black "Galicek, Stanislav"]
[Result "1/2-1/2"]
[WhiteElo "2278"]
[BlackElo "2142"]
[Annotator "TA"]
[PlyCount "116"]
[EventDate "2019.10.05"]
[EventType "swiss"]
[EventCountry "ESP"]
[SourceTitle "playchess.com"]
[Source "ChessBase"]
[SourceQuality "1"]

{[%evp 9,116,14,4,7,28,12,5,11,0,-2,15,1,13,0,31,-18,14,12,18,24,19,0,0,0,0,0,-5,0,26,24,31,0,0,-12,0,-17,-21,-16,-16,-37,-37,-25,-2,-5,0,0,0,0,8,8,8,0,0,0,73,80,79,75,74,0,0,0,0,0,4,5,12,12,18,0,12,0,0,0,0,0,0,0,12,0,0,0,0,0,10,10,10,10,10,10,10,10,18,18,18,18,18,18,18,18,18,18,18,18,18,18,18,0,18]} 1. e4 c5 2. Nf3 e6 3. Nc3 Nc6 4. Bb5 Nge7 5. d4 cxd4 6. Nxd4 {B30: Sicilian: 2...Nc6 3 Bb5, lines without ...g6} a6 (6... Nxd4 7. Qxd4 a6 8. Bd3 Nc6 9. Qe3 Qc7 10. f4 Be7 11. Qh3 b5 12. O-O Bb7 13. Be3 Na5 14. Rad1 Nc4 15. Bc1 {1-0 (24) Quesada Perez,Y (2572)-Hambleton,A (2492) Saint Louis 2019}) 7. Nxc6 Nxc6 8. Be2 Bc5 9. O-O O-O 10. Bf4 $146 ({Predecessor:} 10. Na4 Ba7 11. c4 d6 12. Be3 Bxe3 13. fxe3 Rb8 14. Nc3 {½-½ (61) Mnatsakanian,A (2252)-Samusenko,M (2440) Moscow 2019}) 10... e5 11. Be3 d6 12. Bc4 Be6 13. Nd5 b5 14. Bb3 Na5 15. Qd2 (15. Re1 {looks sharper.} Rc8 16. c3 f6 17. h3 Rf7 18. Qd3) 15... Nxb3 16. axb3 Bxd5 17. Qxd5 Bxe3 18. fxe3 Ra7 19. Rfd1 Qb6 20. Rd3 Rd8 21. Rad1 h6 22. b4 a5 23. bxa5 Rxa5 24. Kf2 b4 25. Qb3 Rc5 26. c3 Qc6 27. Qxb4 Rb5 28. Rxd6 Rxd6 29. Rxd6 $11 {[%mdl 4096] Endgame KQR-KQR} Qb7 $132 {[%mdl 2048] Black is fighting back} 30. Qc4 {[#] Strongly threatening b4.} Rxb2+ 31. Kf3 Qe7 (31... Kh7 $11 32. Qa4 Qc7) 32. Qc8+ $16 Kh7 33. Qf5+ g6 34. Qf6 (34. Rd7 $16 gxf5 35. Rxe7 fxe4+ 36. Kxe4) 34... Qxf6+ $11 {The position is equal.} 35. Rxf6 {KR-KR} Kg7 36. Rc6 Rc2 37. h3 h5 38. c4 Kf8 39. Rc7 Ke8 40. c5 Kf8 41. c6 Kg7 42. Rc8 Kf6 43. c7 Kg7 44. g4 hxg4+ 45. hxg4 Kf6 46. Kg3 Kg5 47. Re8 Rxc7 48. Rxe5+ Kf6 49. Re8 Rc5 50. Kf4 g5+ 51. Kf3 Re5 52. Rd8 Ke6 53. Rd4 f6 54. Ra4 Rb5 55. Ra6+ Ke7 56. Rc6 Ra5 57. Rc1 Ke6 58. Rc6+ Ke7 {Accuracy: White = 53%, Black = 60%.} 1/2-1/2

[Event "XVI Calvia Amateur Open 2019"]
[Site "Calvia"]
[Date "2019.10.09"]
[Round "5.3"]
[White "De Boer, Bas"]
[Black "Massanet Massanet, Sebastian"]
[Result "1/2-1/2"]
[WhiteElo "2142"]
[BlackElo "2252"]
[Annotator "TA"]
[PlyCount "98"]
[EventDate "2019.10.05"]
[EventType "swiss"]
[EventCountry "ESP"]
[SourceTitle "playchess.com"]
[Source "ChessBase"]
[SourceQuality "1"]

{[%evp 9,98,20,13,3,45,35,45,31,52,42,57,23,22,-3,39,40,38,34,54,20,30,27,112,58,93,93,88,92,92,90,86,72,91,72,91,91,94,89,100,60,60,41,49,49,59,46,55,31,56,48,59,44,70,-2,85,4,5,0,54,52,120,111,145,112,168,46,43,43,51,29,29,29,43,29,29,29,29,14,14,14,14,14,29,29,29,29,29,29,29,29,29]} 1. Nf3 d5 2. d4 Nf6 3. c4 c6 4. g3 Bf5 5. Nc3 e6 6. Nh4 {D11: Slav Defence: 3 Nf3 sidelines and 3...Nf6 4 e3 Bg4} Bg4 7. h3 Bh5 8. g4 {White is slightly better.} (8. Qb3 Qb6 9. c5 Qc7 10. Bf4 Qc8 11. g4 Bg6 12. Nxg6 hxg6 {½-½ (45) Inarkiev,E (2682)-Karjakin,S (2750) Nazran 2019}) 8... Ne4 9. Nxe4 dxe4 10. Ng2 Bg6 11. e3 $146 ({Predecessor:} 11. Nf4 Bb4+ 12. Bd2 Na6 {½-½ (32) Ofitserian,B (2351)-Volkov,S (2609) St Petersburg 2016}) 11... c5 12. h4 {aiming for h5.} h6 13. Nf4 $36 {[%mdl 2048] White has some pressure.} Bh7 14. Qa4+ Nd7 15. d5 e5 {[#]} (15... exd5 $11 {remains equal.} 16. cxd5 (16. Nxd5 Bd6 $11) 16... Bd6) 16. Ne6 (16. Nh5 $1 $16) 16... Qb6 17. Nxf8 Rxf8 18. Be2 O-O-O 19. Qb3 Qd6 20. Bd2 Kb8 21. a4 Ka8 22. O-O-O Nb8 23. Kb1 Qe7 24. Qb5 Na6 25. Ka1 f5 26. g5 Bg6 27. gxh6 gxh6 28. Qb3 Rf6 29. Ba5 Rdf8 30. Rhg1 Be8 31. d6 (31. Qc2 $14) 31... Qd7 (31... Rxd6 $11 32. Rxd6 Qxd6) 32. Rd5 (32. Bc3 $16) 32... Bf7 33. Rxe5 {Strongly threatening Re7.} Qxd6 (33... Rxd6 $11 34. Rg7 Rg8 35. Rxg8+ Bxg8) 34. f4 b6 ({Black should play} 34... Qc6 $14) 35. Bc3 $16 Nc7 36. Qc2 Qc6 {[#]} (36... Kb7 $16 {is a better defense.}) 37. Re7 ({Better is} 37. Rxe4 $1 $18 {[%mdl 512] Re7 is the strong threat.} fxe4 (37... Qxe4 38. Qxe4+) 38. Bxf6) 37... Re6 $14 38. Rxe6 Nxe6 39. Be5 Rd8 40. Rd1 Rd7 41. b3 Kb7 42. Kb2 Nc7 43. Rxd7 Qxd7 44. Qd1 (44. Qc1 {is more complex.} Na6 45. Bc3 Nb4 46. Qg1 Nd3+ 47. Kb1) 44... Qxd1 45. Bxd1 Ne6 46. h5 {White has an edge.} Kc6 47. Kc3 a5 48. Kd2 Kd7 49. Ke1 Bg8 {Accuracy: White = 53%, Black = 39%.} 1/2-1/2

[Event "XVI Calvia Amateur Open 2019"]
[Site "Calvia"]
[Date "2019.10.09"]
[Round "5.4"]
[White "Ermachenko, Manuel"]
[Black "Galiana Salom, Juan Ramon"]
[Result "1-0"]
[WhiteElo "1968"]
[BlackElo "2236"]
[Annotator "TA"]
[PlyCount "115"]
[EventDate "2019.10.05"]
[EventType "swiss"]
[EventCountry "ESP"]
[SourceTitle "playchess.com"]
[Source "ChessBase"]
[SourceQuality "1"]

{[%evp 13,129,0,-2,-12,-12,-20,-12,-19,-8,-4,-13,-8,6,0,25,0,18,15,54,0,41,0,0,0,4,0,0,0,0,0,0,0,-6,-35,-30,-33,-18,-52,0,0,13,0,40,0,1,0,0,0,0,-28,-34,-41,-37,-81,-25,-12,0,0,3,-4,22,23,41,0,0,4,21,20,14,13,16,0,9,0,8,6,18,0,8,0,0,0,18,16,36,13,34,-9,21,27,78,47,66,55,80,78,79,75,313,323,451,434,541,475,1031,1022,1173,1117,1135,1024,952,670,29982,29983,29985,29982,29990,29990]} 1. e4 e6 2. d4 d5 3. Nc3 Nf6 4. e5 Nfd7 5. Nce2 c5 6. Nf3 cxd4 7. Nexd4 Nc6 8. Nxc6 {C07: French Tarrasch: 3...c5, 4 Ngf3 and 4 exd5 Qxd5} bxc6 9. Bd3 Qc7 10. Qe2 {The position is equal.} Rb8 (10... Nc5 11. O-O Be7 12. Be3 Nxd3 13. cxd3 c5 14. Rac1 Qb6 15. b3 Ba6 {1-0 (58) Quparadze,G (2493)-Priyadharshan,K (2553) chess.com INT 2019}) 11. O-O Be7 12. b3 c5 $146 ({Predecessor:} 12... h6 13. c4 O-O 14. Bb2 Nc5 15. Bc2 dxc4 {½-½ (34) Nikel,B (2137)-Fekete,D (1343) LSS email 2010}) 13. c4 d4 14. Bf4 Qd8 15. Rfe1 Rb6 16. Qc2 (16. Bd2 $14) 16... Nf8 17. Rad1 Bb7 18. Be4 Bxe4 19. Qxe4 Ng6 20. Bd2 {Ba5 is the strong threat.} Qc8 21. b4 cxb4 22. Nxd4 O-O 23. Nb3 Rc6 24. Rc1 Rd8 25. Be3 Qa6 (25... a5 $15) 26. Rc2 Rdc8 {[%cal Rc6c4]} 27. Rec1 h6 28. g3 R6c7 29. f4 Bf8 30. c5 Qa4 31. f5 exf5 32. Qxf5 Re8 33. Bd4 Ne7 ({Black should play} 33... Re6 $17) 34. Qf4 $1 $11 Nd5 35. Qe4 $36 {[%mdl 2048] Black is under pressure.} Qc6 36. Bb2 {Strongly threatening Nd4.} Ne7 (36... Nc3 $5 37. Qxc6 Rxc6 $11) 37. Qxb4 Qg6 38. Rf2 Nc6 39. Qf4 Re6 40. Nd4 (40. Kg2 {looks sharper.} Rd7 41. Re2 Rd5 42. Qc4 Rd7 43. Rce1) 40... Nxd4 41. Bxd4 Rec6 {[%cal Rf8c5]} 42. Qe3 Qe6 43. Rfc2 {[%cal Bf2c2,Bc2c4,Bc4d4][%mdl 32]} Qd5 44. Rc4 Be7 {[#] aiming for ...Bg5.} 45. R1c2 Rb7 {White must now prevent ...Rb1+.} 46. Qe1 h5 47. Bf2 Rbc7 {[%cal Re7c5]} 48. Qe3 Re6 49. Rd4 Qc6 50. Re4 Bg5 51. Qd3 f5 (51... Be7 $11 {keeps the balance.}) 52. Re1 (52. Rd4 $5 {[%cal Rd3f5]} Rxe5 53. Rd6 $16) 52... Rf7 53. Qc4 f4 54. Qe4 fxg3 55. hxg3 Qc7 $2 {[#]} (55... g6 $16 {is a better defense.}) 56. c6 $18 Rfe7 57. Rc5 Qc8 58. Rd1 {Played: Qe4-f5} 1-0